NHL Hockey Leaders by Year - Statistics

General Stats
  • This quiz has been taken 166 times
  • The average score is 29 of 50
Answer Stats
Leader % Correct
Hart 2012-13 Alexander Ovechkin (1)
95%
Goals leader 2018-19 Alexander Ovechkin (6)
95%
Hart 2013-14 Sidney Crosby (1)
95%
Points leader 2013-14 Sidney Crosby (1)
95%
Goals leader 2016-17 Sidney Crosby (2)
95%
Hart 2016-17 Connor McDavid (1)
94%
Points leader 2017-18 Connor McDavid (2)
94%
Vezina 2014-15 Carey Price (1)
83%
Hart 2014-15 Carey Price (1)
83%
Calder 2016-17 Auston Matthews
76%
Hart 2011-12 Evgeni Malkin (1)
71%
Points leader 2011-12 Evgeni Malkin (1)
71%
Norris 2014-15 Erik Karlsson (2)
69%
Hart 2015-16 Patrick Kane (1)
69%
Points leader 2015-16 Patrick Kane (1)
69%
Vezina 2016-17 Sergei Bobrovsky (2)
67%
Vezina 2013-14 Tuukka Rask (1)
67%
Hart 2018-19 Nikita Kucherov (1)
66%
Points leader 2018-19 Nikita Kucherov (1)
66%
Goals leader 2011-12 Steven Stamkos (2)
66%
Calder 2013-14 Nathan MacKinnon
63%
Vezina 2017-18 Pekka Rinne (1)
59%
Norris 2012-13 P.K. Subban (1)
59%
Vezina 2011-12 Henrik Lundqvist (1)
58%
Hart 2017-18 Taylor Hall (1)
57%
Norris 2017-18 Victor Hedman (1)
56%
Norris 2016-17 Brent Burns (1)
53%
Norris 2015-16 Drew Doughty (1)
52%
Calder 2014-15 Aaron Ekblad
50%
Points leader 2014-15 Jamie Benn (1)
49%
Vezina 2010-11 Tim Thomas (1)
49%
Vezina 2015-16 Braden Holtby (1)
48%
Norris 2013-14 Duncan Keith (2)
48%
Vezina 2018-19 Andrei Vasilevskiy (1)
47%
Calder 2015-16 Artemi Panarin
46%
Hart 2010-11 Corey Perry (1)
45%
Goals leader 2010-11 Corey Perry (1)
45%
Points leader 2010-11 Daniel Sedin (1)
40%
Hart 2009-10 Henrik Sedin (1)
40%
Points leader 2009-10 Henrik Sedin (1)
40%
Calder 2018-19 Elias Pettersson
34%
Norris 2010-11 Nicklas Lidström (1)
34%
Calder 2017-18 Mathew Barzal
31%
Norris 2018-19 Mark Giordano (1)
30%
Vezina 2009-10 Ryan Miller (1)
30%
Points leader 2012-13 Martin St. Louis (1)
29%
Calder 2012-13 Jonathan Huberdeau
27%
Calder 2011-12 Gabriel Landeskog
21%
Calder 2009-10 Tyler Myers
18%
Calder 2010-11 Jeff Skinner
15%
No matching quizzes found
Score Distribution
Percent of People with Each Score
Percentile by Number Answered
Your Score History
You have not taken this quiz